K:lla alkavat valtiot kartalla - Äkkikuolema - Statistics

Yleistilastot
  • Tätä visaa on pelattu 371 kertaa
  • Keskiarvotulos 20 / 25
Answers on the Grid
Answers color-coded by a green-red scale on the quiz's grid according to % correct below.
 
Vastaustilastot
Vastaus % Oikein
Kazakstan, Kiina, Kirgisia
95%
Kanada
93%
Kosovo, Kreikka, Kroatia
93%
Kamerun, Keski-Afrikan tasavalta, Kongon demokraattinen tasavalta, Kongon tasavalta
93%
Kazakstan, Kirgisia, Kuwait, Kypros
93%
Kanada
91%
Kanada
91%
Kolumbia, Kuuba
91%
Kambodža, Kiina
91%
Kanada
90%
90%
Kiina
90%
Kongon demokraattinen tasavalta, Kongon tasavalta
86%
Kenia
85%
Kiina
82%
Kiina
80%
Kazakstan
79%
Kenia, Komorit
79%
Kazakstan
79%
Kap Verde
71%
Kiribati
68%
Kiribati
60%
Kiribati
47%
Kiribati
47%
Kolumbia
30%
Ehtoja vastaavia visoja ei löytynyt
Tulosjakauma
Jokaisen tuloksen saaneiden osuus
Persentiili vastausten määrän mukaan
Tuloshistoriasi
Et ole pelannut tätä visaa